Focus sur: Mentha Brandebouc - Tolkien - Statistiques

Statistiques générales
  • Ce quiz a été pris 3 fois
  • Le résultat moyen est 5 sur 9
Statistiques - réponses
Informations recherchées Réponses % Correct
Contrée Comté
100%
Espèce Hobbit
100%
Première mention Le Seigneur des Anneaux: La Communauté de l'Anneau
100%
Age durant lequel elle vécut Troisième
100%
Ville Château-Brande
67%
Autre traduction du nom Brandibouc
33%
Frère Merimas Brandebouc
33%
Père Marmadas Brandebouc
0%
Sœur Mélilot Brandebouc
0%
Aucun quiz correspondant
Distribution des résultats
% des personnes avec chaque résultat
Percentile par nombre de réponses
Votre historique - résultats
Vous n’avez pas pris ce quiz